Loading...
| Fine Arts - Classical Music | 2 | 5.00 | 0% | 450% | 0% |
| Fine Arts - Other | 1 | 10.00 | 0% | 0% | 800% |
| History - American | 2 | 10.00 | 0% | 400% | 350% |
| History - European | 4 | 5.00 | 2,025% | 225% | 0% |
| History - Other | 1 | 0.00 | 0% | 0% | 0% |
| History - World | 3 | 10.00 | 8,100% | 0% | 0% |
| Literature - American | 2 | 5.00 | 0% | 0% | 400% |
| Literature - British | 2 | 5.00 | 0% | 450% | 0% |
| Literature - European | 2 | 10.00 | 3,200% | 0% | 400% |
| Literature - World | 4 | 5.00 | 2,025% | 0% | 225% |
| Mythology | 5 | 2.00 | 1,280% | 0% | 0% |
| Other | 2 | 10.00 | 8,100% | 0% | 0% |
| Philosophy | 2 | 5.00 | 0% | 0% | 450% |
| Religion | 2 | 5.00 | 0% | 400% | 0% |
| Science - Biology | 2 | 5.00 | 0% | 0% | 450% |
| Science - Chemistry | 1 | 10.00 | 0% | 0% | 800% |
| Science - Other | 2 | 0.00 | 0% | 0% | 0% |
| Science - Physics | 3 | 10.00 | 0% | 267% | 567% |
| Social Science | 2 | 10.00 | 0% | 400% | 450% |